| 000 | 00430nam a22001697a 4500 | ||
|---|---|---|---|
| 999 |
_c525229 _d525229 |
||
| 003 | NUST | ||
| 038 | _awaseem | ||
| 082 |
_a891.423 _bYOU |
||
| 100 |
_aYousaf, Mir Tanha _915974 |
||
| 245 |
_aSoraj Ogan Tahian / _cMir Tanha Yousaf |
||
| 260 |
_aIslamabad : _bAkbar Ala Abadi, _c1995. |
||
| 300 | _a200 p. ; | ||
| 500 | _aHardcover. | ||
| 880 |
_6100-01\r _aمیر تنھا تاہیں / |
||
| 880 | _6245-02\r | ||
| 942 |
_2ddc _cBK |
||